Textile Auxiliaries & Finishing Chemicals (Record no. 357780)
[ view plain ]
| 000 -LEADER | |
|---|---|
| fixed length control field | 00802nam a22001817a 4500 |
| 005 - DATE AND TIME OF LATEST TRANSACTION | |
| control field | 20240508113352.0 |
| 008 - FIXED-LENGTH DATA ELEMENTS--GENERAL INFORMATION | |
| fixed length control field | 240423b |||||||| |||| 00| 0 eng d |
| 041 ## - LANGUAGE CODE | |
| Language code of text/sound track or separate title | English |
| 082 ## - DEWEY DECIMAL CLASSIFICATION NUMBER | |
| Classification number | 746 |
| Item number | VAI |
| 100 ## - MAIN ENTRY--PERSONAL NAME | |
| Author | Vaidya A.A. |
| 245 ## - TITLE STATEMENT | |
| Title | Textile Auxiliaries & Finishing Chemicals |
| 260 ## - PUBLICATION, DISTRIBUTION, ETC. | |
| Place of publication, distribution, etc. | Ahmedabad |
| Name of publisher, distributor, etc. | Ahmedabad Textles Industry's Research Association |
| Date of publication, distribution, etc. | 1975 |
| 300 ## - PHYSICAL DESCRIPTION | |
| Extent | 215 |
| 520 ## - SUMMARY, ETC. | |
| Summary, etc. | Chapter 1 General Introduction<br/>Chapter 2 Important Processing Operations In which Auxiliaries are used<br/>Chapter 3 Chemistry & Synthesis of Surface Active Agents<br/>Chapter 4 Finishing Agents<br/>Chapter 5 Methods of Evaluation of Textile Auxiliaries <br/>Chapter 6 Catalogue of Textile Auxiliaries available in India<br/> |
| 650 ## - SUBJECT ADDED ENTRY--TOPICAL TERM | |
| Topical term or geographic name entry element | Textile |
| 700 ## - ADDED ENTRY--PERSONAL NAME | |
| Personal name | Trivedi S. S. |
| 942 ## - ADDED ENTRY ELEMENTS (KOHA) | |
| Koha item type | Donated Book |
| Withdrawn status | Lost status | Source of classification or shelving scheme | Damaged status | Not for loan | Home library | Current library | Date acquired | Total Checkouts | Full call number | Barcode | Date last seen | Date last checked out | Actual Price | Koha item type | Original Barcode |
|---|---|---|---|---|---|---|---|---|---|---|---|---|---|---|---|
| Dewey Decimal Classification | School of Fashion Technology | School of Fashion Technology | 12/03/2024 | 1 | 746 VAI | SOFT-BK-D51 | 08/01/2025 | 11/11/2024 | 1.00 | Donated Book | D51 |